Melawan Kematian Menuju Keabadian : (Record no. 4942)

000 -LEADER
fixed length control field 00596nam a22002057a 4500
005 - DATE AND TIME OF LATEST TRANSACTION
control field 20220420082038.0
008 - FIXED-LENGTH DATA ELEMENTS--GENERAL INFORMATION
fixed length control field 220420b2 m ||||| |||| 00| 0 m d
020 ## - INTERNATIONAL STANDARD BOOK NUMBER
International Standard Book Number 9789674816988
Terms of availability RM 25.00
040 ## - CATALOGING SOURCE
Original cataloging agency AKMAL
082 ## - DEWEY DECIMAL CLASSIFICATION NUMBER
Classification number 128.5 ADE
090 ## - LOCALLY ASSIGNED LC-TYPE CALL NUMBER (OCLC); LOCAL CALL NUMBER (RLIN)
Classification number (OCLC) (R) ; Classification number, CALL (RLIN) (NR) 128.5
Local cutter number (OCLC) ; Book number/undivided call number, CALL (RLIN) ADE
100 ## - MAIN ENTRY--PERSONAL NAME
Personal name Dr. Ade Hashman
9 (RLIN) 9404
245 10 - TITLE STATEMENT
Title Melawan Kematian Menuju Keabadian :
Remainder of title Mengapa kita harus takut mati
Statement of responsibility, etc. Dr Ade Hashman
260 ## - PUBLICATION, DISTRIBUTION, ETC.
Place of publication, distribution, etc. Selangor
Name of publisher, distributor, etc. PTS Publishing House
Date of publication, distribution, etc. 2021
300 ## - PHYSICAL DESCRIPTION
Extent 308pg
Other physical details ill
Dimensions 22cm
650 00 - SUBJECT ADDED ENTRY--TOPICAL TERM
Topical term or geographic name entry element Death
9 (RLIN) 9405
650 00 - SUBJECT ADDED ENTRY--TOPICAL TERM
Topical term or geographic name entry element Thanalogy
9 (RLIN) 9406
650 00 - SUBJECT ADDED ENTRY--TOPICAL TERM
Topical term or geographic name entry element Death
General subdivision chy
9 (RLIN) 9407
942 ## - ADDED ENTRY ELEMENTS (KOHA)
Source of classification or shelving scheme
Koha item type Book
Holdings
Withdrawn status Lost status Source of classification or shelving scheme Damaged status Not for loan Collection code Home library Current library Shelving location Date acquired Inventory number Total Checkouts Full call number Barcode Date last seen Date last checked out Price effective from Koha item type
          NON-FICTION AKMAL Melaka AKMAL Melaka PINJAMAN 20.04.2022 011476 1 128.5 ADE 201708122 22.03.2024 18.03.2024 20.04.2022 Book
Pusat Sumber Maklumat Dato' Haji Sarmin Md Hussin, Akademi Kastam Diraja Malaysia, Melaka
Tel: 06-2331106 | Faks: 06-2313787